Conquer Asia by Guessing Countries 🌎 - Statistics

General Stats
  • This quiz has been taken 4,142 times
  • The average score is 130 of 225
Answers on the Map
Answers color-coded by a green-red scale on the quiz's map according to % correct below.
 
Answer Stats
Rank Power Country % Correct
#1 +12 China
98%
#2 +11 India
95%
#3 +10 Japan
88%
#7 +9 Iran
84%
#8 +9 Indonesia
81%
#9 +8 Saudi Arabia
81%
#5 +9 Pakistan
78%
#4 +10 South Korea
73%
#22 +4 Iraq
71%
#13 +7 Thailand
70%
#12 +7 Vietnam
69%
#6 +9 Turkey
67%
#23 +4 Kazakhstan
61%
#20 +5 Philippines
61%
#14 +7 North Korea
57%
#27 +4 Oman
55%
#16 +6 Myanmar
54%
#39 +2 Mongolia
53%
#30 +3 Yemen
51%
#29 +4 Afghanistan
50%
#18 +5 Malaysia
50%
#15 +6 United Arab Emirates
47%
#10 +8 Israel
42%
#19 +5 Bangladesh
40%
#25 +4 Syria
40%
#11 +7 Taiwan
40%
#42 +1 Laos
39%
#43 +1 Nepal
38%
#17 +6 Singapore
31%
#36 +3 Cambodia
29%
#32 +3 Qatar
27%
#28 +4 Jordan
26%
#31 +3 Sri Lanka
23%
#21 +5 Uzbekistan
20%
#40 +2 Bahrain
17%
#26 +4 Kuwait
16%
#41 +1 Lebanon
14%
#33 +3 Turkmenistan
13%
#34 +3 Georgia
10%
#35 +3 Kyrgyzstan
10%
#37 +2 Tajikistan
10%
#38 +2 Armenia
9%
#24 +4 Azerbaijan
9%
No matching quizzes found
Score Distribution
Percent of People with Each Score
Percentile by Number Answered
Your Score History
You have not taken this quiz